ICON : International communication through English

Đã lưu trong:
书目详细资料
主要作者: Freeman, Donald
格式: 图书
语言:Undetermined
出版: Boston Mc-GrawHill 2005
主题:
标签: 添加标签
没有标签, 成为第一个标记此记录!
Thư viện lưu trữ: Trung tâm Học liệu Trường Đại học Cần Thơ
LEADER 00597nam a2200205Ia 4500
001 CTU_166213
008 210402s9999 xx 000 0 und d
020 |c 27.67 
082 |a 428 
082 |b F855/B.3 
100 |a Freeman, Donald 
245 0 |a ICON : 
245 0 |b International communication through English 
245 0 |c Donald Freeman... [et al.] 
260 |a Boston 
260 |b Mc-GrawHill 
260 |c 2005 
650 |a English language,Communication, International,Anh ngữ thực hành 
910 |a Nguyên 
980 |a Trung tâm Học liệu Trường Đại học Cần Thơ